[Event "Oberliga Wuerttemberg 2324"]
[Site "Wuerttemberg"]
[Date "2023.09.17"]
[Round "1.7"]
[White "Schroeter, Samuel"]
[Black "Schaefer, Daniel"]
[Result "1-0"]
[WhiteElo "2133"]
[BlackElo "1884"]
[PlyCount "83"]
[EventDate "2023.09.17"]
[EventType "team-tourn"]
[EventRounds "9"]
[EventCountry "GER"]
[SourceTitle "EXT 2025"]
[Source "ChessBase"]
[SourceDate "2024.10.14"]
[SourceVersion "1"]
[SourceVersionDate "2024.10.14"]
[SourceQuality "1"]
[WhiteTeam "Boeblingen"]
[BlackTeam "Heilbronn II"]
[WhiteTeamCountry "GER"]
[BlackTeamCountry "GER"]

1. c4 e6 2. g3 d5 3. Bg2 Nf6 4. Nc3 d4 5. Ne4 Nxe4 6. Bxe4 c5 7. d3 Nc6 8. Bg2 e5 9. Nf3 Be7 10. 0-0 0-0 11. a3 Bf5 12. Bd2 a5 13. Ne1 Qd7 14. b3 Rfe8 15. Nc2 Bf8 16. b4 axb4 17. axb4 Rxa1 18. Qxa1 cxb4 19. Rb1 e4 20. Rb3 Bc5 21. Bxb4 exd3 22. exd3 Nxb4 23. Nxb4 Qe7 24. Nc2 Qe2 25. Rb2 Qxd3 26. Bf1 Qc3 27. Qa4 Rc8 28. Ra2 d3 29. Ne3 Bxe3 30. fxe3 Qe1 31. Qa5 Qxe3+ 32. Rf2 h6 33. Qxf5 Rc7 34. Qxd3 Qe7 35. Qf5 Qe3 36. Qd5 Re7 37. Qd8+ Re8 38. Qd7 Re7 39. Qd3 Qb6 40. Qd5 Re6 41. Bd3 Qe3 42. Qf3 1-0

[Event "Oberliga Wuerttemberg 2223"]
[Site "Wuerttemberg"]
[Date "2022.11.27"]
[Round "4.7"]
[White "Buechele, Johannes"]
[Black "Schroeter, Samuel"]
[Result "1-0"]
[WhiteElo "1922"]
[BlackElo "2156"]
[PlyCount "95"]
[EventDate "2022.09.18"]
[EventType "team-tourn"]
[EventRounds "9"]
[EventCountry "GER"]
[SourceTitle "EXT 2025"]
[Source "ChessBase"]
[SourceDate "2024.10.14"]
[SourceVersion "1"]
[SourceVersionDate "2024.10.14"]
[SourceQuality "1"]
[WhiteTeam "Jedesheim"]
[BlackTeam "Boeblingen"]
[WhiteTeamCountry "GER"]
[BlackTeamCountry "GER"]

1. d4 g6 2. e4 Bg7 3. c4 c5 4. d5 d6 5. Nc3 Nf6 6. Nf3 Bg4 7. Be2 Na6 8. 0-0 0-0 9. Bf4 Nc7 10. h3 Bxf3 11. Bxf3 Nd7 12. Qd2 Re8 13. Be2 a6 14. a4 b6 15. Bh6 Bh8 16. Rab1 Rb8 17. Kh1 e6 18. dxe6 Nxe6 19. Qxd6 Nd4 20. Bg4 Ne5 21. Qxd8 Rbxd8 22. b3 Nxg4 23. hxg4 Nc6 24. Nd5 Rxe4 25. f3 Re6 26. Nxb6 Nd4 27. Nd5 a5 28. Rfe1 Rde8 29. Rxe6 Rxe6 30. Bf4 Kf8 31. Nc7 Rb6 32. Nb5 Ne6 33. Bd6+ Ke8 34. Rd1 Bd4 35. f4 f5 36. gxf5 gxf5 37. g4 fxg4 38. f5 Ng5 39. Bc7 Rh6+ 40. Kg2 Rh3 41. Nxd4 cxd4 42. Rxd4 h5 43. Bxa5 Rxb3 44. c5 Rb2+ 45. Rd2 Rb1 46. c6 h4 47. c7 h3+ 48. Kg3 1-0

[Event "Oberliga Wuerttemberg 1920"]
[Site "Wuerttemberg"]
[Date "2020.02.16"]
[Round "7.7"]
[White "Stuermer, Robin Gabriel"]
[Black "Schroeter, Samuel"]
[Result "1/2-1/2"]
[WhiteElo "2256"]
[BlackElo "2138"]
[PlyCount "32"]
[EventDate "2019.09.15"]
[EventType "team-tourn"]
[EventRounds "9"]
[EventCountry "GER"]
[SourceTitle "EXT 2021"]
[Source "ChessBase"]
[SourceDate "2020.10.23"]
[SourceVersion "1"]
[SourceVersionDate "2020.10.23"]
[SourceQuality "1"]
[WhiteTeam "Heilbronn"]
[BlackTeam "Boeblingen"]
[WhiteTeamCountry "GER"]
[BlackTeamCountry "GER"]

1. d4 g6 2. e4 Bg7 3. c4 c5 4. Nf3 Nc6 5. dxc5 Qa5+ 6. Nbd2 Nf6 7. Bd3 Qxc5 8. Nb3 Qb6 9. c5 Qc7 10. 0-0 0-0 11. h3 d6 12. cxd6 Qxd6 13. Qe2 Rd8 14. Bc4 Be6 15. Bxe6 Qxe6 16. Re1 Nd7 1/2-1/2

[Event "Oberliga Wuerttemberg 1920"]
[Site "Wuerttemberg"]
[Date "2019.11.10"]
[Round "3.8"]
[White "Schroeter, Samuel"]
[Black "Kitzberger, Joachim"]
[Result "1-0"]
[WhiteElo "2138"]
[BlackElo "2017"]
[PlyCount "161"]
[EventDate "2019.09.15"]
[EventType "team-tourn"]
[EventRounds "9"]
[EventCountry "GER"]
[SourceTitle "EXT 2021"]
[Source "ChessBase"]
[SourceDate "2020.10.23"]
[SourceVersion "1"]
[SourceVersionDate "2020.10.23"]
[SourceQuality "1"]
[WhiteTeam "Boeblingen"]
[BlackTeam "Bebenhausen"]
[WhiteTeamCountry "GER"]
[BlackTeamCountry "GER"]

1. c4 g6 2. Nc3 Bg7 3. Nf3 Nf6 4. g3 0-0 5. Bg2 c6 6. e4 d6 7. d4 Bg4 8. h3 Bxf3 9. Bxf3 e5 10. Be3 Qc7 11. Qd2 Nbd7 12. d5 Nb6 13. b3 c5 14. g4 Qe7 15. h4 Nfd7 16. 0-0-0 f6 17. Ne2 Kf7 18. Ng3 Ke8 19. Rh3 Kd8 20. Rdh1 Kc7 21. Ne2 Rac8 22. Nc3 Kb8 23. Kc2 Na8 24. Nb5 Nc7 25. a4 Na6 26. Kd1 f5 27. gxf5 gxf5 28. Bg5 Bf6 29. exf5 Nb4 30. Be4 a6 31. Nc3 Rg8 32. Rg3 Qf7 33. Rhg1 Rcf8 34. Ke1 Kc7 35. Bb1 Qh5 36. Ne4 Bxg5 37. Nxg5 Kb8 38. Ne6 Rxg3 39. fxg3 Rg8 40. Qe2 Qh6 41. Ng5 Nf6 42. Kf2 Rxg5 43. hxg5 Qxg5 44. Rh1 Ng4+ 45. Kf3 h5 46. Be4 Nh6 47. Kg2 Nxf5 48. Bxf5 Qxf5 49. Rxh5 Qg6 50. Rh8+ Ka7 51. Kh3 Nd3 52. Qh5 Qe4 53. Rf8 Qh1+ 54. Kg4 Qg2 55. Qh8 Nf2+ 56. Kf5 Kb6 57. Ke6 Qxg3 58. Qf6 Qh3+ 59. Kf7 Ne4 60. Qg6 Qh4 61. Ke8 Ka5 62. Qf7 b6 63. Qf3 Kb4 64. Kd7 b5 65. axb5 axb5 66. Rb8 Nc3 67. Qf1 Qh7+ 68. Ke6 Qa7 69. Qf8 Kxb3 70. cxb5 Qa4 71. Kxd6 Qc4 72. Qf7 e4 73. b6 e3 74. Re8 e2 75. b7 Qa6+ 76. Kxc5 Na4+ 77. Kd4 Qb6+ 78. Kd3 Qb5+ 79. Kd2 Qb4+ 80. Kxe2 Nc3+ 81. Kf3 1-0

[Event "Oberliga Wuerttemberg 1819"]
[Site "Wuerttemberg"]
[Date "2018.09.23"]
[Round "1"]
[White "Schroeter, Samuel"]
[Black "Wendler, David"]
[Result "0-1"]
[WhiteElo "2126"]
[BlackElo "2156"]
[PlyCount "68"]
[EventDate "2018.09.23"]
[EventType "team-tourn"]
[EventRounds "9"]
[EventCountry "GER"]
[SourceTitle "EXT 2020"]
[Source "ChessBase"]
[SourceDate "2019.10.17"]
[SourceVersion "1"]
[SourceVersionDate "2019.10.17"]
[SourceQuality "1"]
[WhiteTeam "Boeblingen"]
[BlackTeam "Bebenhausen"]
[WhiteTeamCountry "GER"]
[BlackTeamCountry "GER"]

1. Nf3 g6 2. c4 Bg7 3. d4 c5 4. d5 Nf6 5. Nc3 d6 6. h3 0-0 7. e4 b5 8. cxb5 a6 9. bxa6 Bxa6 10. Bxa6 Nxa6 11. 0-0 Qb6 12. Qe2 Nc7 13. Bg5 Rfb8 14. b3 Nb5 15. Na4 Qb7 16. Rac1 h6 17. Bf4 Re8 18. Rfd1 e6 19. dxe6 Rxe6 20. e5 Nd7 21. Qd2 g5 22. Bg3 Nxe5 23. Nxe5 Bxe5 24. Qd3 Rae8 25. Bxe5 Rxe5 26. Kf1 Nd4 27. Nc3 R8e6 28. Qg3 Nf5 29. Qd3 Nd4 30. Qg3 h5 31. Kg1 Kg7 32. Qd3 g4 33. Qg3 h4 34. Qxg4+ Rg6 0-1

[Event "Oberliga Wuerttemberg 1516"]
[Site "Wuerttemberg"]
[Date "2016.01.31"]
[Round "6.7"]
[White "Hoenick, Andreas"]
[Black "Schroeter, Samuel"]
[Result "1-0"]
[WhiteElo "2030"]
[BlackElo "2067"]
[PlyCount "79"]
[EventDate "2015.09.20"]
[EventType "team-tourn"]
[EventRounds "9"]
[EventCountry "GER"]
[SourceTitle "EXT 2019"]
[Source "ChessBase"]
[SourceDate "2018.10.10"]
[SourceVersion "1"]
[SourceVersionDate "2018.10.10"]
[SourceQuality "1"]
[WhiteTeam "Schwaebisch Gmuend"]
[BlackTeam "Boeblingen"]
[WhiteTeamCountry "GER"]
[BlackTeamCountry "GER"]

1. d4 g6 2. c4 Bg7 3. e4 c5 4. d5 d6 5. Nc3 Nf6 6. Bd3 Na6 7. Nge2 Nc7 8. 0-0 0-0 9. h3 Rb8 10. Ng3 a6 11. a4 b6 12. Bg5 h6 13. Be3 Bd7 14. Qd2 Kh7 15. f4 b5 16. axb5 axb5 17. e5 Ng8 18. Nh5 bxc4 19. Bb1 dxe5 20. Nxg7 exf4 21. Rxf4 Kxg7 22. Rxc4 Ne8 23. Rxc5 Nd6 24. Ra7 Bf5 25. Rcc7 Rc8 26. Rxc8 Qxc8 27. Ba2 Kh7 28. Qd4 Bc2 29. Qd2 Qf5 30. Bf4 h5 31. Bg5 Re8 32. Qf4 Qc8 33. Qf2 Bf5 34. Bf4 Nb7 35. Qb6 Nc5 36. Rc7 Qb8 37. Qxb8 Rxb8 38. Rxc5 Rxb2 39. Rc7 Rc2 40. d6 1-0

[Event "Oberliga Wuerttemberg 1516"]
[Site "Wuerttemberg"]
[Date "2015.11.15"]
[Round "3.7"]
[White "Schroeter, Samuel"]
[Black "Haas, Wilhelm"]
[Result "1-0"]
[WhiteElo "2067"]
[BlackElo "2104"]
[PlyCount "87"]
[EventDate "2015.09.20"]
[EventType "team-tourn"]
[EventRounds "9"]
[EventCountry "GER"]
[SourceTitle "EXT 2019"]
[Source "ChessBase"]
[SourceDate "2018.10.10"]
[SourceVersion "1"]
[SourceVersionDate "2018.10.10"]
[SourceQuality "1"]
[WhiteTeam "Boeblingen"]
[BlackTeam "Erdmannhausen"]
[WhiteTeamCountry "GER"]
[BlackTeamCountry "GER"]

1. c4 Nf6 2. Nc3 g6 3. g3 Bg7 4. Bg2 d6 5. Nf3 Nbd7 6. Rb1 c6 7. d3 0-0 8. Bg5 h6 9. Bd2 e5 10. 0-0 a5 11. a3 Kh7 12. Ne1 Nc5 13. b4 axb4 14. axb4 Ne6 15. b5 Bd7 16. Nc2 Qc7 17. Nb4 Rfb8 18. Ra1 Rxa1 19. Qxa1 Qc8 20. Qa7 Nd4 21. Be3 Nf5 22. bxc6 bxc6 23. Nxc6 Ra8 24. Ne7 Rxa7 25. Nxc8 Ra3 26. Nb5 Bxb5 27. cxb5 Rb3 28. Bc6 Nxe3 29. fxe3 e4 30. b6 exd3 31. exd3 Ng4 32. Rxf7 Rb1+ 33. Rf1 Rb2 34. b7 Nxe3 35. Rf7 Kg8 36. Rxg7+ Kxg7 37. Nxd6 Rb1+ 38. Kf2 Ng4+ 39. Ke2 Ne5 40. Bb5 Rxb5 41. Nxb5 Nd7 42. Na7 Nb8 43. d4 Kf6 44. d5 1-0

[Event "BL2-Sued 1213"]
[Site "Germany"]
[Date "2012.12.09"]
[Round "4.8"]
[White "Hauke, Christian"]
[Black "Schroeter, Samuel"]
[Result "1-0"]
[WhiteElo "2211"]
[BlackElo "2085"]
[PlyCount "71"]
[EventDate "2012.10.14"]
[EventType "team-tourn"]
[EventRounds "9"]
[EventCountry "GER"]
[SourceTitle "CBM 154 Extra"]
[Source "ChessBase"]
[SourceDate "2013.06.25"]
[SourceVersion "2"]
[SourceVersionDate "2013.06.25"]
[SourceQuality "1"]
[WhiteTeam "Bad Mergentheim"]
[BlackTeam "Boeblingen"]
[WhiteTeamCountry "GER"]
[BlackTeamCountry "GER"]

1. d4 g6 2. Bg5 Bg7 3. Nc3 c5 4. d5 d6 5. e4 Nf6 6. Qd2 a6 7. a4 Qa5 8. Ra3 h6 9. Bh4 Qb4 10. Rb3 Nxe4 11. Qe3 Bxc3+ 12. bxc3 Qxa4 13. f3 Ng5 14. Bg3 0-0 15. h4 f5 16. hxg5 f4 17. Bxf4 Qxf4 18. Qxf4 Rxf4 19. Rxh6 b5 20. g3 Rf8 21. Rxg6+ Kf7 22. Rh6 Bf5 23. Bh3 Kg7 24. f4 Nd7 25. Bxf5 Rxf5 26. Re6 Re8 27. Ra3 Nb8 28. Nf3 Rxd5 29. Kf2 Rd1 30. g4 Kf7 31. f5 Rh8 32. g6+ Kf8 33. g5 Rhh1 34. f6 exf6 35. gxf6 Nd7 36. g7+ 1-0

[Event "Leipzig VfB op 18th"]
[Site "Leipzig"]
[Date "2011.03.27"]
[Round "9"]
[White "Schroeter, Samuel"]
[Black "Richter, Leonard"]
[Result "1-0"]
[WhiteElo "2079"]
[BlackElo "1826"]
[PlyCount "45"]
[EventDate "2011.03.20"]
[EventType "swiss"]
[EventRounds "9"]
[EventCountry "GER"]
[SourceTitle "CBM 141 Extra"]
[Source "ChessBase"]
[SourceDate "2011.05.03"]
[SourceVersion "1"]
[SourceVersionDate "2011.05.03"]
[SourceQuality "1"]

1. e4 c6 2. d4 d5 3. exd5 cxd5 4. Bd3 Nc6 5. c3 Nf6 6. h3 e5 7. dxe5 Nxe5 8. Bc2 Bd6 9. Nf3 0-0 10. 0-0 Ne4 11. Re1 Bf5 12. Nxe5 Bxe5 13. f3 Qb6+ 14. Be3 Qxb2 15. fxe4 Qxa1 16. exf5 Bxc3 17. Nxc3 Qxc3 18. Bd4 Qg3 19. Re3 Qh4 20. Kh2 Rfc8 21. Rg3 Rxc2 22. Rg4 Qxg4 23. Qxg4 1-0

[Event "Leipzig VfB op 18th"]
[Site "Leipzig"]
[Date "2011.03.25"]
[Round "6"]
[White "Wichmann, Cliff"]
[Black "Schroeter, Samuel"]
[Result "1-0"]
[WhiteElo "2341"]
[BlackElo "2079"]
[PlyCount "65"]
[EventDate "2011.03.20"]
[EventType "swiss"]
[EventRounds "9"]
[EventCountry "GER"]
[SourceTitle "CBM 141 Extra"]
[Source "ChessBase"]
[SourceDate "2011.05.03"]
[SourceVersion "1"]
[SourceVersionDate "2011.05.03"]
[SourceQuality "1"]

1. d4 Nf6 2. c4 e6 3. Nf3 d5 4. Nc3 Be7 5. Bf4 c6 6. e3 Nbd7 7. Be2 0-0 8. 0-0 Nh5 9. Bg3 Nxg3 10. hxg3 b6 11. Qc2 Bb7 12. Rac1 a6 13. Bd3 h6 14. Qe2 dxc4 15. Bxc4 b5 16. Bd3 c5 17. dxc5 Nxc5 18. Bb1 Rb8 19. Rfd1 Qa5 20. a3 b4 21. axb4 Qxb4 22. Rd4 Qb3 23. Bc2 Qb6 24. b4 Bxf3 25. Qxf3 Nb7 26. Rd7 Nd6 27. Rxe7 Qxb4 28. Ne2 Qb2 29. Rd7 Nc4 30. Qe4 f5 31. Qxe6+ Kh8 32. Bxf5 Rf6 33. Qxc4 1-0

[Event "Leipzig VfB op 18th"]
[Site "Leipzig"]
[Date "2011.03.22"]
[Round "1"]
[White "Schroeter, Samuel"]
[Black "Kuenne, Lutz Dieter"]
[Result "1-0"]
[WhiteElo "2079"]
[BlackElo "1633"]
[PlyCount "47"]
[EventDate "2011.03.20"]
[EventType "swiss"]
[EventRounds "9"]
[EventCountry "GER"]
[SourceTitle "CBM 141 Extra"]
[Source "ChessBase"]
[SourceDate "2011.05.03"]
[SourceVersion "1"]
[SourceVersionDate "2011.05.03"]
[SourceQuality "1"]

1. e4 c5 2. Nf3 e6 3. d4 cxd4 4. Nxd4 a6 5. c4 d6 6. Nc3 Nd7 7. Be3 Qc7 8. Be2 b6 9. 0-0 Bb7 10. Rc1 Ngf6 11. f3 Rc8 12. Qd2 Be7 13. b3 0-0 14. Bd3 Nc5 15. Bb1 Qb8 16. Qf2 Ncd7 17. Nde2 Bd8 18. Rfd1 Bc7 19. Kh1 Ba8 20. Nd4 d5 21. exd5 exd5 22. Nxd5 Nxd5 23. cxd5 Bxd5 24. Nf5 1-0

[Event "Leipzig VfB op 16th"]
[Site "Leipzig"]
[Date "2009.04.03"]
[Round "6"]
[White "Schroeter, Samuel"]
[Black "Frotscher, Thomas"]
[Result "1-0"]
[WhiteElo "1990"]
[BlackElo "2188"]
[PlyCount "43"]
[EventDate "2009.03.31"]
[EventType "swiss"]
[EventRounds "9"]
[EventCountry "GER"]
[SourceTitle "EXT 2010"]
[Source "ChessBase"]
[SourceDate "2010.11.25"]
[SourceVersion "1"]
[SourceVersionDate "2010.11.25"]
[SourceQuality "1"]

1. e4 c5 2. Nf3 e6 3. d4 cxd4 4. Nxd4 Bc5 5. Nb3 Bb6 6. Bd3 Ne7 7. c4 0-0 8. 0-0 Nbc6 9. Nc3 f5 10. c5 Bc7 11. Nb5 b6 12. Nxc7 Qxc7 13. Bd2 bxc5 14. Nxc5 Ne5 15. Rc1 Qd6 16. Bb4 Qd4 17. Bc4 Qxd1 18. Rfxd1 N5c6 19. Nxd7 Re8 20. Bxe6+ Kh8 21. Bxe7 Nxe7 22. exf5 1-0

[Event "Leipzig VfB op 16th"]
[Site "Leipzig"]
[Date "2009.03.31"]
[Round "1"]
[White "Bessert, Maximilian"]
[Black "Schroeter, Samuel"]
[Result "0-1"]
[WhiteElo "1397"]
[BlackElo "1990"]
[PlyCount "60"]
[EventDate "2009.03.31"]
[EventType "swiss"]
[EventRounds "9"]
[EventCountry "GER"]
[SourceTitle "EXT 2010"]
[Source "ChessBase"]
[SourceDate "2010.11.25"]
[SourceVersion "1"]
[SourceVersionDate "2010.11.25"]
[SourceQuality "1"]

1. e4 e5 2. Nf3 Nc6 3. d4 exd4 4. Bc4 Nf6 5. 0-0 Nxe4 6. Re1 d5 7. Bd3 f5 8. Ng5 Be7 9. f3 Bxg5 10. fxe4 Bxc1 11. Qxc1 fxe4 12. Bb5 0-0 13. c3 Qf6 14. Rf1 Qe5 15. Rxf8+ Kxf8 16. cxd4 Nxd4 17. Qf1+ Qf5 18. Qxf5+ Bxf5 19. Nc3 c6 20. Be2 Ke7 21. Rf1 Rf8 22. g4 Nxe2+ 23. Nxe2 Bxg4 24. Rxf8 Kxf8 25. Nd4 Ke7 26. Kg2 Be6 27. Kf2 a6 28. a3 c5 29. Nc2 d4 30. b4 b6 0-1

[Event "Sachsen-ch U18"]
[Site "Sebnitz"]
[Date "2007.04.14"]
[Round "7"]
[White "Schroeter, Samuel"]
[Black "Haustein, Marti"]
[Result "1/2-1/2"]
[WhiteElo "1768"]
[BlackElo "1766"]
[PlyCount "43"]
[EventDate "2007.04.10"]
[EventType "swiss"]
[EventRounds "7"]
[EventCountry "GER"]
[SourceTitle "EXT 2008"]
[Source "ChessBase"]
[SourceDate "2007.11.25"]
[SourceVersion "1"]
[SourceVersionDate "2007.11.25"]
[SourceQuality "1"]

1. e4 c5 2. Nf3 Nc6 3. d4 cxd4 4. Nxd4 Nf6 5. Nc3 g6 6. Be3 Bg7 7. f3 0-0 8. Bc4 d6 9. Qd2 a6 10. 0-0-0 Nxd4 11. Bxd4 b5 12. Bb3 Bd7 13. g4 a5 14. Nd5 Nxd5 15. Bxd5 Rc8 16. Bxg7 Kxg7 17. Qd4+ f6 18. a3 Qc7 19. Qd2 b4 20. axb4 axb4 21. h4 Qa5 22. Kb1 1/2-1/2

[Event "Sachsen-ch U18"]
[Site "Sebnitz"]
[Date "2007.04.13"]
[Round "5"]
[White "Schroeter, Samuel"]
[Black "Kulke, Tobias"]
[Result "0-1"]
[WhiteElo "1768"]
[BlackElo "1885"]
[PlyCount "66"]
[EventDate "2007.04.10"]
[EventType "swiss"]
[EventRounds "7"]
[EventCountry "GER"]
[SourceTitle "EXT 2008"]
[Source "ChessBase"]
[SourceDate "2007.11.25"]
[SourceVersion "1"]
[SourceVersionDate "2007.11.25"]
[SourceQuality "1"]

1. e4 c5 2. Nf3 a6 3. d4 cxd4 4. Nxd4 Nf6 5. Nc3 e5 6. Nf5 d5 7. Ng3 Bb4 8. Bd2 d4 9. Nce2 Qb6 10. Rb1 h5 11. c3 d3 12. Nc1 h4 13. cxb4 hxg3 14. Qf3 gxf2+ 15. Qxf2 Qxf2+ 16. Kxf2 Nxe4+ 17. Ke1 Nxd2 18. Kxd2 e4 19. Ke3 f5 20. g4 g6 21. Bg2 Nc6 22. a3 Ne5 23. gxf5 gxf5 24. Nb3 Rg8 25. Bh3 Ng6 26. Bf1 Be6 27. Nd4 Kd7 28. h4 Ne7 29. Bh3 Rh8 30. Rbf1 Rxh4 31. Nxe6 Kxe6 32. Rxf5 Rxh3+ 33. Rxh3 Kxf5 0-1

[Event "Sachsen-ch U18"]
[Site "Sebnitz"]
[Date "2007.04.10"]
[Round "1"]
[White "Schaefer, Erik"]
[Black "Schroeter, Samuel"]
[Result "1-0"]
[WhiteElo "1956"]
[BlackElo "1768"]
[PlyCount "97"]
[EventDate "2007.04.10"]
[EventType "swiss"]
[EventRounds "7"]
[EventCountry "GER"]
[SourceTitle "EXT 2008"]
[Source "ChessBase"]
[SourceDate "2007.11.25"]
[SourceVersion "1"]
[SourceVersionDate "2007.11.25"]
[SourceQuality "1"]

1. e4 e5 2. Nf3 Nc6 3. Bb5 a6 4. Ba4 Nf6 5. 0-0 b5 6. Bb3 Be7 7. Re1 0-0 8. h3 d6 9. a3 Na5 10. Ba2 c5 11. d3 Qc7 12. Nc3 Bb7 13. Bg5 c4 14. d4 Rae8 15. d5 Bc8 16. Qe2 h6 17. Bd2 Nh7 18. b3 f5 19. Kh2 f4 20. Nb1 cxb3 21. cxb3 Bd7 22. Nc3 Qb6 23. b4 Nb7 24. Bb3 Ng5 25. a4 Nxf3+ 26. Qxf3 Bh4 27. Rf1 Ra8 28. axb5 axb5 29. Rxa8 Rxa8 30. g3 Qd4 31. Nb1 Bg5 32. Bc3 Qb6 33. h4 fxg3+ 34. fxg3 Bf6 35. Bd2 Rf8 36. Qe3 Qd8 37. Qa7 Bc8 38. Qg1 Qd7 39. Qg2 Qg4 40. Bd1 Qg6 41. Nc3 Qe8 42. Be2 Bd7 43. Rf2 g5 44. Qf1 Qg6 45. h5 Qf7 46. g4 Kg7 47. Kg3 Qe7 48. Bxb5 Bc8 49. Qc4 1-0

[Event "Leipzig VfB op 14th"]
[Site "Leipzig"]
[Date "2007.03.20"]
[Round "1"]
[White "Schroeter, Samuel"]
[Black "Dobierzin, Olaf"]
[Result "1/2-1/2"]
[WhiteElo "1768"]
[BlackElo "2134"]
[PlyCount "92"]
[EventDate "2007.03.20"]
[EventType "swiss"]
[EventRounds "9"]
[EventCountry "GER"]
[SourceTitle "EXT 2008"]
[Source "ChessBase"]
[SourceDate "2007.11.25"]
[SourceVersion "1"]
[SourceVersionDate "2007.11.25"]
[SourceQuality "1"]

1. e4 c5 2. Nf3 Nc6 3. d4 cxd4 4. Nxd4 g6 5. Nc3 Bg7 6. Be3 Nf6 7. f3 0-0 8. Qd2 d5 9. 0-0-0 dxe4 10. fxe4 Ng4 11. Nxc6 Qxd2+ 12. Kxd2 bxc6 13. Bc5 Bh6+ 14. Ke2 Ne5 15. Kf2 Re8 16. h3 Be6 17. Ba6 Bc4 18. Bxc4 Nxc4 19. b3 Ne5 20. Na4 e6 21. Bd6 Bg7 22. Bxe5 Bxe5 23. Rd7 Red8 24. Rhd1 Rxd7 25. Rxd7 Kf8 26. Ke3 Ke8 27. Nc5 Rd8 28. Rxd8+ Kxd8 29. Kd3 Ke7 30. Kc4 Bg3 31. a4 f5 32. b4 Kd6 33. Kd3 Bf2 34. Nb7+ Ke5 35. exf5 gxf5 36. Nd8 Kd6 37. Nf7+ Kd7 38. Ne5+ Kc7 39. c4 Be1 40. b5 cxb5 41. axb5 Bf2 42. Nf7 h5 43. Ke2 Bc5 44. Kf3 Kd7 45. g4 hxg4+ 46. hxg4 fxg4+ 1/2-1/2

[Event "Leipzig VfB op 13th"]
[Site "Leipzig"]
[Date "2006.03.18"]
[Round "8"]
[White "Schroeter, Samuel"]
[Black "Holz auf der Heide, Gerhard"]
[Result "1/2-1/2"]
[WhiteElo "1534"]
[BlackElo "1986"]
[PlyCount "81"]
[EventDate "2006.03.14"]
[EventType "swiss"]
[EventRounds "9"]
[EventCountry "GER"]
[SourceTitle "EXT 2008"]
[Source "ChessBase"]
[SourceDate "2007.11.25"]
[SourceVersion "1"]
[SourceVersionDate "2007.11.25"]
[SourceQuality "1"]

1. e4 c5 2. Nf3 d6 3. d4 cxd4 4. Nxd4 Nf6 5. Nc3 g6 6. Be3 Bg7 7. Qd2 Ng4 8. Bg5 Qb6 9. Nb3 Bxc3 10. bxc3 h6 11. Bh4 Nc6 12. Be2 Bd7 13. 0-0 0-0-0 14. Nd4 g5 15. Bg3 a6 16. Rab1 Qa7 17. Nxc6 bxc6 18. Rb3 Kc7 19. Ra3 Qc5 20. Qd4 Qxd4 21. cxd4 f5 22. exf5 Bxf5 23. Rxa6 Ra8 24. c3 Rxa6 25. Bxa6 Rb8 26. Bc4 Rb2 27. Re1 Kd7 28. f3 Nf6 29. Re2 Rb1+ 30. Kf2 g4 31. Bh4 d5 32. Bxf6 exf6 33. Bb3 h5 34. Kg3 gxf3 35. gxf3 Rc1 36. Re3 Bg6 37. Kf2 h4 38. Re1 Rxc3 39. Re3 Rc1 40. Kg2 Bf5 41. Re2 1/2-1/2